Optical astronomy: changing horizons /

Bibliographic Details
Main Author: Ronan, Colin A.
Format: Book
Language:English
Published: London : New York : Phoenix House; Roy Publishers, [1964]
Series:Progress of science series.
Subjects:

MARC

Tag First Indicator Second Indicator Subfields
LEADER 00000cam a2200000 4500
001 in00000053405
005 20151007070236.0
008 770115s1964 enka b 00010 eng
010 |a  64025526  
035 |a (OCoLC)02680523 
035 |9 AAE3631AM 
040 |a DLC  |c OHI  |d TXA  |d UtOrBLW 
049 |a TXAM  |c [414638] 
050 0 |a QB44  |b .R588 
082 0 |a 523 
092 |a 523  |b R768o, 1964 
100 1 |a Ronan, Colin A. 
245 1 0 |a Optical astronomy: changing horizons /  |c [by] Colin A. Ronan. 25 diagrams by David Wheeler. 
264 1 |a London :  |b Phoenix House;  |a New York :  |b Roy Publishers,  |c [1964] 
300 |a 68 pages :  |b illustrations ;  |c 23 cm. 
336 |a text  |b txt  |2 rdacontent 
337 |a unmediated  |b n  |2 rdamedia 
338 |a volume  |b nc  |2 rdacarrier 
490 1 |a Progress of science series 
504 |a Bibliography: page 66. 
650 0 |a Astronomy  |v Popular works. 
830 0 |a Progress of science series. 
999 |a MARS 
999 f f |s 504b05bb-16bc-398a-8632-2079e753b950  |i 1c037bfb-5a13-30f8-8547-341e7af757ac  |t 0 
952 f f |p ric  |a Texas A&M University  |b Rellis Campus  |c Joint Library Facility  |d Remote Storage  |t 0  |e QB44 .R588  |h Library of Congress classification  |i unmediated -- volume  |m A14800900257 
998 f f |a QB44 .R588  |t 0  |l Remote Storage